000 00549nam a2200169 i 4500
001 87583
003 ES-MaACL
005 20230906175710.0
007 t|
008 041222s1957 sp ||||1| spa d
100 1 _aKühnelt, Wilhelm.
_968997
245 1 0 _aBiología del suelo /
_cWilhelm Kühnelt ; traducción de Elena Humbert.
260 _aMadrid :
_bConsejo Superior de Investigaciones Científicas,
_c1957 (
_fMontaña)
300 _aXIV, 267 p. :
_bil. ;
_c24 cm.
700 1 _aHumbert, Elena.
_964705
852 _aES-MaACL
_jC-15802
_bR.43693
999 _c87583
_d87583